书目信息 |
| 题名: |
少林拳法真传
|
|
| 作者: | 德虔 著 | |
| 分册: | ||
| 出版信息: | 北京 北京体育学院出版社 1986 |
|
| 页数: | 235页 | |
| 开本: | 19cm | |
| 丛书名: | ||
| 单 册: | ||
| 中图分类: | G852.15 , G852.1 | |
| 科图分类: | ||
| 主题词: | 少林拳-套路 , 套路-少林拳 , 武术 , 民族形式体育 | |
| 电子资源: | ||
| ISBN: | ||
| 000 | 00768nam0 2200301 45 | |
| 001 | 0186017599 | |
| 005 | 20061104170207.79 | |
| 010 | @dCNY1.85 | |
| 091 | @a7451.23 | |
| 100 | @a19900802d1986 em y0chiy0121 ea | |
| 101 | 0 | @achi |
| 102 | @aCN@b110000 | |
| 105 | @af z 000yy | |
| 106 | @ar | |
| 200 | 10 | @a少林拳法真传@Ashao lin quan fa zhen chuan@f德虔著 |
| 210 | @a北京@c北京体育学院出版社@d1986 | |
| 215 | @a235页@d19cm | |
| 304 | @a德虔(1942- ),俗名,王长青 | |
| 517 | 1 | @a拳法真传@Aquan fa zhen chuan |
| 606 | @a少林拳-套路 | |
| 606 | @a套路-少林拳 | |
| 606 | 0 | @a武术 |
| 606 | 0 | @a民族形式体育 |
| 690 | @aG852.15@v3 | |
| 690 | @aG852.1@v3 | |
| 701 | 0 | @a德虔@Ade qian@4著 |
| 801 | @aCN@bTSTC@c20061104 | |
| 905 | @b169852@dG852.1@e35@f1 | |
| 少林拳法真传/德虔著.-北京:北京体育学院出版社,1986 |
| 235页;19cm |
| ISBN :CNY1.85 |
| ● |
| 相关链接 |
|
|
|
|
正题名:少林拳法真传
索取号:G852.1/35
 
预约/预借
| 序号 | 登录号 | 条形码 | 馆藏地/架位号 | 状态 | 备注 |
| 1 | 0169852 | 001774672 | 密集书库/ [索取号:G852.1/35] | 在馆 | |
| 2 | 0169853 | 000992509 | 第一样本阅览室/ [索取号:G852.1/35] | 在馆 |